[Event "ESP-ch U18"]
[Site "Salobrena"]
[Date "2023.08.05"]
[Round "9"]
[White "Rico Carretero, Jose Carlos"]
[Black "Tabuenca Mendataurigoitia, Pedro"]
[Result "1/2-1/2"]
[WhiteElo "1947"]
[BlackElo "2071"]
[PlyCount "74"]
[EventDate "2023.07.31"]
[EventType "swiss"]
[EventRounds "9"]
[EventCountry "ESP"]
[SourceTitle "CBM 215 Extra"]
[Source "ChessBase"]
[SourceDate "2023.09.30"]
[SourceVersion "1"]
[SourceVersionDate "2023.09.30"]
[SourceQuality "1"]

1. c4 e5 2. Nc3 Nf6 3. g3 c6 4. d4 exd4 5. Qxd4 Na6 6. Bg2 Bc5 7. Qd1 0-0 8. Nf3 h6 9. 0-0 Re8 10. a3 Bf8 11. b4 d6 12. Qd3 Be6 13. Nd4 Bd7 14. Nf5 Bxf5 15. Qxf5 Nc7 16. Rd1 Qe7 17. b5 d5 18. bxc6 bxc6 19. Bf4 Qe6 20. Qxe6 Nxe6 21. cxd5 Nxf4 22. gxf4 cxd5 23. Nxd5 Nxd5 24. Bxd5 Rab8 25. e4 Rb2 26. Rdc1 g6 27. Rc7 Re7 28. Rac1 a5 29. R1c5 Rxc7 30. Rxc7 Bxa3 31. Bxf7+ Kg7 32. e5 Rb4 33. Bc4+ Kf8 34. e6 Rb6 35. Rf7+ Ke8 36. Rf6 Bc5 37. Rxg6 Rb4 1/2-1/2

[Event "ESP-ch U16 Rapid"]
[Site "Salobrena"]
[Date "2022.07.31"]
[Round "6"]
[White "Rico Carretero, Jose Carlos"]
[Black "Ermachenko, Manuel"]
[Result "0-1"]
[WhiteElo "1487"]
[BlackElo "1649"]
[PlyCount "119"]
[EventDate "2022.07.30"]
[EventType "swiss (rapid)"]
[EventRounds "9"]
[EventCountry "ESP"]
[SourceTitle "EXT 2023"]
[Source "ChessBase"]
[SourceDate "2022.10.05"]
[SourceVersion "1"]
[SourceVersionDate "2022.10.05"]
[SourceQuality "1"]

1. c4 e5 2. Nc3 Nf6 3. g3 d5 4. cxd5 Nxd5 5. Bg2 Nb6 6. Nf3 Nc6 7. 0-0 Be7 8. d3 0-0 9. a3 Be6 10. b4 a5 11. b5 Nd4 12. Nxd4 exd4 13. Na4 Bd5 14. Nxb6 cxb6 15. Qa4 Bxg2 16. Kxg2 Qd5+ 17. Kg1 Bc5 18. Bf4 Rfe8 19. Rfe1 Re6 20. Qc4 Qf5 21. e4 dxe3 22. Bxe3 Rae8 23. d4 Re4 24. Red1 h5 25. Qd3 Bd6 26. d5 h4 27. Qf1 hxg3 28. hxg3 Rg4 29. Rd4 Rg6 30. Qd3 Qf6 31. Rc1 Bxg3 32. Kf1 Bd6 33. Re4 Rf8 34. Bxb6 Rh6 35. Bd4 Qg5 36. Be3 Rh1+ 37. Ke2 Qh5+ 38. Kd2 Rxc1 39. Kxc1 Qh1+ 40. Kb2 Rc8 41. Rc4 Be5+ 42. Bd4 Rxc4 43. Qxc4 Qe4 44. Qc8+ Kh7 45. Qh3+ Kg8 46. Qc8+ Kh7 47. Qh3+ Kg6 48. Bxe5 Qxe5+ 49. Qc3 Qxd5 50. Qg3+ Kf6 51. Qf4+ Qf5 52. Qd6+ Kg5 53. Qg3+ Kh6 54. Qh4+ Kg6 55. Qg3+ Qg5 56. Qd3+ f5 57. Qd6+ Qf6+ 58. Qxf6+ Kxf6 59. Kb3 Ke5 60. f4+ 0-1

[Event "ESP-ch U16"]
[Site "Salobrena"]
[Date "2022.07.27"]
[Round "4"]
[White "Rico Carretero, Jose Carlos"]
[Black "Ermachenko, Manuel"]
[Result "0-1"]
[WhiteElo "1860"]
[BlackElo "2155"]
[PlyCount "67"]
[EventDate "2022.07.25"]
[EventType "swiss"]
[EventRounds "9"]
[EventCountry "ESP"]
[SourceTitle "EXT 2023"]
[Source "ChessBase"]
[SourceDate "2022.10.05"]
[SourceVersion "1"]
[SourceVersionDate "2022.10.05"]
[SourceQuality "1"]

1. c4 e5 2. Nc3 Nf6 3. g3 d5 4. cxd5 Nxd5 5. Bg2 Nb6 6. Nf3 Nc6 7. 0-0 Be7 8. d3 0-0 9. Bd2 Re8 10. Rc1 Bf8 11. Ne4 Nd4 12. Nc5 c6 13. Be3 Bxc5 14. Rxc5 Qd6 15. Rc1 Bg4 16. Qd2 Rad8 17. Rfd1 Rd7 18. h3 Be6 19. b3 f6 20. Kh2 Bf7 21. Qb2 g5 22. Nd2 Qe7 23. Ne4 Rdd8 24. f4 gxf4 25. gxf4 Kh8 26. Rf1 Bg6 27. fxe5 Qxe5+ 28. Bf4 Nf3+ 29. Bxf3 Qxb2 30. Bd2 Rxe4 31. Bc3 Rxe2+ 32. Kg1 Qxc3 33. Rxc3 Re3 34. Kh1 0-1

[Event "ESP-ch U16"]
[Site "Salobrena"]
[Date "2021.07.19"]
[Round "2"]
[White "Moll Gener, Joan"]
[Black "Rico Carretero, Jose Carlos"]
[Result "0-1"]
[WhiteElo "2022"]
[BlackElo "1802"]
[PlyCount "34"]
[EventDate "2021.07.19"]
[EventType "swiss"]
[EventRounds "9"]
[EventCountry "ESP"]
[SourceTitle "EXT 2022"]
[Source "ChessBase"]
[SourceDate "2021.10.06"]
[SourceVersion "1"]
[SourceVersionDate "2021.10.06"]
[SourceQuality "1"]

1. e4 c5 2. Nf3 g6 3. d4 cxd4 4. Nxd4 Bg7 5. c4 Nc6 6. Be3 Nf6 7. f3 0-0 8. Nc3 d6 9. Qd2 Nxd4 10. Bxd4 Bd7 11. Be2 Qa5 12. h4 h5 13. 0-0-0 Rfc8 14. Rdg1 b5 15. cxb5 Qxa2 16. Qc2 Bh6+ 17. Kd1 Qa1+ 0-1